000 00692nam a22002297a 4500
003 UA-OsUOA
001 43937
007 ta
008 20091130b un ||||| |||| 00| 0 ukr d
100 _aЧуб Дмитро
090 _a82-92(Публ.)
_bЧ-81
942 _cBR
040 _aUA-OsUOA
_bukr
_cUA-OsUOA
_dUA-OsUOA
245 _aВідлуння великого голоду в спогадах очевидців і в українській літературі
300 _a16 с.
955 _a4
041 _aukr
080 _a82-92(Публ.)
260 _aТоронто
_c1984
650 7 _a82 Література. Літературознавство
_2UDC
999 _c423792
_d423792